| 000 | 01685cam a2200481 a 4500 | ||
|---|---|---|---|
| 001 | 000015650 | ||
| 005 | 20200929164114.0 | ||
| 008 | 010717s2000 ve 000 0dspa | ||
| 020 | _a9800758968 | ||
| 040 |
_aDO-SdBNP _bspa _cDLC _dBNPHU |
||
| 082 |
_a158.39 _bC122e |
||
| 245 | 0 | 0 |
_aEntrevistas : _bRafael Cadenas / _c[entrevistas realizadas por J.R. Guillent Pérez ... [et al.]]. |
| 260 |
_aCaracas, Venezuela : _bLa Oruga Luminosa, _bFondo Editorial para la Región Centro-Occidental, _c2000. |
||
| 300 |
_a268 p. ; _c21 cm. |
||
| 490 | 1 | _aVoces secuestradas | |
| 600 | 1 | 4 |
_aCADENA, RAFAEL, _vENTREVISTAS _935266 |
| 650 | 4 |
_aAutores venezolanos _ySIGLO XX _vENTREVISTAS _935267 |
|
| 700 | 1 |
_aGuillent Pérez, J. R. _935268 |
|
| 700 | 1 |
_aCrespo, Luis Alberto _935269 |
|
| 700 | 1 |
_aRodríguez, Gabriel _935270 |
|
| 700 | 1 |
_aArenas, Enrique _935271 |
|
| 700 | 1 |
_aRodríguez, Marco _935272 |
|
| 700 | 1 |
_aBarroso, Luisa _935273 |
|
| 700 | 1 |
_aBerbín, Teresa _935274 |
|
| 700 | 1 |
_aArias, Raquel _935275 |
|
| 700 | 1 |
_aDahbar, Sergio _935276 |
|
| 700 | 1 |
_aGuzmán, Patricia _913456 |
|
| 700 | 1 |
_aVera, Bayardo _935277 |
|
| 700 | 1 |
_aNoguera, Carlos _935278 |
|
| 700 | 1 |
_aVarderi, Alejandro _935279 |
|
| 700 | 1 |
_aRodríguez, Katiuska _935280 |
|
| 700 | 1 |
_aPantin, Blanca Elena _935281 |
|
| 700 | 1 |
_aCastillo, Eurídice _935282 |
|
| 700 | 1 |
_aAlmela, Harry _935283 |
|
| 700 | 1 |
_aRivero, Martha _935284 |
|
| 700 | 1 |
_aSánchez Ortiz, Emilio _935285 |
|
| 700 | 1 |
_aRodríguez, Albor _935286 |
|
| 700 | 1 |
_aRamírez Ribes, María _935287 |
|
| 700 | 1 |
_aSierich, Claudia _935288 |
|
| 830 | 0 |
_aVoces secuestradas. _935289 |
|
| 910 | _aCatalogación por copia / LC | ||
| 049 | _aBNGR | ||
| 999 |
_c15202 _d15202 |
||